000
00341nam a22001457a 4500
008
210528b ||||| |||| 00| 0 eng d
020
_a
080890874X
041
_a
eng
080
_a
575
082
_a
575
100
_a
9
101
_a
IMU
245
_a
Immunologic Aspects of Anesthetic and Surgical Practice
_c
Mathieu,A
942
_2
udc
_c
BK
999
_c
57780
_d
57780